000 00369pam a2200157a 44500
008 230515b2012 xxu||||| |||| 00| 0 eng d
020 _a8120000269
041 _aENGLISH
082 _a621.2
100 _aLAL JAGDISH
245 _aHYDRAULIC MACHINE
250 _a2014
260 _aDHELI
_bMETROPOLITAN BOOK CO. LTD. .
_c2012
300 _a585P.
650 _aNULL
999 _c609788
_d609788